Home Print Resources E-Books E-Journals IIMT Lecture Series Library Membership Form Book Recommendation Form Campus Tour Take AdmissionAbout Us Contact Us

ANATOMY AND PHYSIOLOGY (Record no. 31095)

000 -LEADER
fixed length control field 00292nam a2200121Ia 4500
008 - FIXED-LENGTH DATA ELEMENTS--GENERAL INFORMATION
fixed length control field 170620s9999 xx 000 0 und d
100 ## - MAIN ENTRY--PERSONAL NAME
Personal name ROSS AND WILSON
245 #0 - TITLE STATEMENT
Title ANATOMY AND PHYSIOLOGY
260 ## - PUBLICATION, DISTRIBUTION, ETC.
Name of publisher, distributor, etc. ELESEVIER PUBLICATION
260 ## - PUBLICATION, DISTRIBUTION, ETC.
Date of publication, distribution, etc. 2007
300 ## - PHYSICAL DESCRIPTION
Extent 490
546 ## - LANGUAGE NOTE
Language note English
690 ## - LOCAL SUBJECT ADDED ENTRY--TOPICAL TERM (OCLC, RLIN)
Topical term or geographic name as entry element ANATOMY AND PHYSIOLOGY
Holdings
Withdrawn status Lost status Source of classification or shelving scheme Damaged status Not for loan Home library Current library Date acquired Source of acquisition Total Checkouts Barcode Date last seen Price effective from Koha item type
          NOIDA College IIMT College of Pharmacy NOIDA College IIMT College of Pharmacy 01/12/2014 2   12-B-2514 06/26/2017 06/26/2017 Book Bank
IIMT, Central Library. All Rights Reserved IIMT,UNIVERSITY © 2023
Implemented and Customised by I CLOUDE EMS
You Are OPAC Visitor No
free web counter

Powered by Koha